Boleň v číslach

Bibliographic Details
Main Author: Herz, Jozef, 1945- (Author)
Format: Article
Language:Slovak
PhysicalDescription:Fot. 1.
Subjects:

MARC

LEADER 00000nab a2200000 a 4500
001 vtls000461836
003 SK-MaSNL
005 20260304082543.0
008 250424c1992 xo 0 slo
015 |a SNBRB19rr/mm-uuuuu 
035 |a CL0461969 
035 |a urn:nbn:sk:snk-abeofl 
035 |a (urnnbn)urn:nbn:sk:snk:ar-006yn0 
035 |a (uuid)1a8169b9-a152-483f-a736-ce81e0405183 
040 |a SNKBUCL  |b slo  |c SNKBUCL  |e AACR2 
041 0 |a slo 
044 |a xo  |c SK 
080 |a 639.215  |2 1981 
100 1 |a Herz, Jozef,  |d 1945-  |4 aut  |9 103259 
245 1 0 |a Boleň v číslach  |c Jozef Herz 
300 |b Fot. 1. 
650 0 7 |a boleň  |2 snkbucl  |9 18206 
655 7 |a články z novín a časopisov  |2 snkbucl  |9 267496 
773 0 |t Poľovníctvo a rybárstvo  |g Roč. 44, č. 9 (1992), s. 28 
850 |a Slovenská národná knižnica 
852 |a Slovenská národná knižnica 
958 |a article27 
958 |a OND 
958 |a RK 
992 |a RBX 
999 |c 2796913  |d 2798843